Catolicismo y protestantismo como formas de existencia / (Record no. 27304)

MARC details
000 -LEADER
campo de control de longitud fija 00611nam a2200193 i 4500
001 - NÚMERO DE CONTROL
campo de control 27304
003 - IDENTIFICADOR DE NÚMERO DE CONTROL
campo de control ES-MaACL
005 - FECHA Y HORA DE LA ÚLTIMA TRANSACCIÓN
campo de control 20250830111222.0
007 - CAMPO FIJO DE DESCRIPCIÓN FÍSICA--INFORMACIÓN GENERAL
campo de control de longitud fija t|
008 - DATOS DE LONGITUD FIJA--INFORMACIÓN GENERAL
campo de control de longitud fija 030114s1952 sp ||||1| spa d
100 1# - ENTRADA PRINCIPAL--NOMBRE DE PERSONA
Nombre de persona Aranguren, José Luis L.,
Fechas asociadas al nombre 1909-1996
9 (RLIN) 22315
245 10 - MENCIÓN DEL TÍTULO
Título Catolicismo y protestantismo como formas de existencia /
Mención de responsabilidad, etc. José Luis L. Aranguren.
260 ## - PUBLICACIÓN, DISTRIBUCIÓN, ETC.
Lugar de publicación, distribución, etc. Madrid :
Nombre del editor, distribuidor, etc. Revista de Occidente,
Fecha de publicación, distribución, etc. [1952] (
Fabricante Galo Sáez)
300 ## - DESCRIPCIÓN FÍSICA
Extensión 240 p. ;
Dimensiones 22 cm.
610 24 - PUNTO DE ACCESO ADICIONAL DE MATERIA--NOMBRE DE ENTIDAD CORPORATIVA
Nombre de entidad corporativa o nombre de jurisdicción como elemento de entrada Iglesia Católica
9 (RLIN) 4639
650 00 - PUNTO DE ACCESO ADICIONAL DE MATERIA--TÉRMINO DE MATERIA
Término de materia o nombre geográfico como elemento de entrada Protestantismo.
9 (RLIN) 16517
852 ## - LOCALIZACIÓN
Ubicación ES-MaACL
Número de control de estantería C-8310
Holdings
Estatus retirado Estado de pérdida Estado de daño No para préstamo Biblioteca de origen Biblioteca actual Ubicación en estantería Fecha de adquisición Fuente de adquisición Total de préstamos Signatura topográfica completa Código de barras Visto por última vez Precio de reemplazo Tipo de ítem Koha
        Biblioteca del Ateneo de Madrid Biblioteca del Ateneo de Madrid Sala Palomar 17/01/2008     C-8310 1028181 23/02/2023 23/02/2023 Libro impreso